<?xml version="1.0" encoding="UTF-8"?>
<record
    xmlns:xsi="http://www.w3.org/2001/XMLSchema-instance"
    xsi:schemaLocation="http://www.loc.gov/MARC21/slim http://www.loc.gov/standards/marcxml/schema/MARC21slim.xsd"
    xmlns="http://www.loc.gov/MARC21/slim">

  <leader>01725nam a22002417a 4500</leader>
  <controlfield tag="005">20260406121329.0</controlfield>
  <controlfield tag="008">260406b        |||||||| |||| 00| 0 eng d</controlfield>
  <datafield tag="020" ind1=" " ind2=" ">
    <subfield code="a">9780008667658</subfield>
  </datafield>
  <datafield tag="040" ind1=" " ind2=" ">
    <subfield code="c">PK-LaUMT</subfield>
  </datafield>
  <datafield tag="082" ind1=" " ind2=" ">
    <subfield code="a">152.44</subfield>
    <subfield code="b">MAN-S</subfield>
  </datafield>
  <datafield tag="100" ind1="1" ind2=" ">
    <subfield code="a">Mann, Jennifer</subfield>
    <subfield code="9">10448</subfield>
  </datafield>
  <datafield tag="245" ind1="1" ind2="4">
    <subfield code="a">The secret language of the body :</subfield>
    <subfield code="b">regulate your nervous system, heal your body, free your mind /</subfield>
    <subfield code="c">by Jennifer Mann and Karden Rabin</subfield>
  </datafield>
  <datafield tag="260" ind1=" " ind2=" ">
    <subfield code="a">London :</subfield>
    <subfield code="b">Thorsons,</subfield>
    <subfield code="c">2024</subfield>
  </datafield>
  <datafield tag="300" ind1=" " ind2=" ">
    <subfield code="a">340 p.</subfield>
  </datafield>
  <datafield tag="500" ind1=" " ind2=" ">
    <subfield code="a">Inspiring, refreshing and practical- a delightful lucid guide to healing yourself' Bessel Van Der Kolk, author of the Body Keeps The Score</subfield>
  </datafield>
  <datafield tag="520" ind1=" " ind2=" ">
    <subfield code="a">The new essential self-healing bible - a revolutionary body-first guide to regulating your nervous system, curing long-term pain and healing from trauma for good. Our autonomic nervous system is the part of us responsible for the constant but usually subconscious communication between our brain and body. This is a language that most of us have never heard of but, we assure you, you desperately need access to! When a person is burdened by stress, anxiety and trauma their nervous system adapts to help keep them alive, but can also trap them in survival mode. This can be the result of consistent exposure to unsafe environments, relationships and thought patterns. We call this nervous system dysregulation or sensitization, which can result in chronic mental and physical pain and confusion, leaving you unable to cope with life's strains and stresses.</subfield>
  </datafield>
  <datafield tag="546" ind1=" " ind2=" ">
    <subfield code="a">Eng</subfield>
  </datafield>
  <datafield tag="650" ind1=" " ind2=" ">
    <subfield code="a">Stress management</subfield>
    <subfield code="9">6982</subfield>
  </datafield>
  <datafield tag="650" ind1=" " ind2=" ">
    <subfield code="a">Nervous system-regulations</subfield>
    <subfield code="9">10449</subfield>
  </datafield>
  <datafield tag="650" ind1=" " ind2=" ">
    <subfield code="a">Emotions-psychological aspects</subfield>
    <subfield code="9">10450</subfield>
  </datafield>
  <datafield tag="700" ind1="1" ind2=" ">
    <subfield code="a">Rabin, Karden</subfield>
    <subfield code="9">10451</subfield>
  </datafield>
  <datafield tag="942" ind1=" " ind2=" ">
    <subfield code="c">BK</subfield>
  </datafield>
  <datafield tag="999" ind1=" " ind2=" ">
    <subfield code="c">140350</subfield>
    <subfield code="d">140350</subfield>
  </datafield>
  <datafield tag="952" ind1=" " ind2=" ">
    <subfield code="0">0</subfield>
    <subfield code="1">0</subfield>
    <subfield code="4">0</subfield>
    <subfield code="7">0</subfield>
    <subfield code="a">01</subfield>
    <subfield code="b">01</subfield>
    <subfield code="d">2026-04-06</subfield>
    <subfield code="l">0</subfield>
    <subfield code="o">152.44 MAN-S</subfield>
    <subfield code="p">151851</subfield>
    <subfield code="r">2026-04-06 12:13:46</subfield>
    <subfield code="w">2026-04-06</subfield>
    <subfield code="y">BK</subfield>
  </datafield>
</record>
